[Event "zonal 1.1"]
[Site "Linares ESP"]
[Date "1995.11.??"]
[Round "8"]
[White "Gentilleau, Jean-Philippe"]
[Black "Garcia Paolicchi, Raul"]
[Result "1/2-1/2"]
[WhiteElo "2225"]
[BlackElo "2295"]
[EventDate "1995.11.11"]
[PlyCount "66"]

1.e4 c5 2.Nf3 Nc6 3.d4 cxd4 4.Nxd4 Nf6 5.Nc3 d6 6.Be2 e5 7.Nf3 h6 8.O-O 
Be7 9.h3 O-O 10.Re1 Be6 11.Bf1 Nb8 12.b3 Nbd7 13.Bb2 a6 14.a4 Rc8 15.Nd2 
Rc6 16.a5 Qb8 17.Nc4 Qc7 18.Qf3 Re8 19.Red1 Qb8 20.Nd5 Bd8 21.Nb4 Rc5 22.
Nxd6 Rf8 23.Nc4 Bxc4 24.Bxc4 Rxa5 25.Rab1 Nb6 26.Bf1 Re8 27.Nd3 Nbd7 28.b4
Ra4 29.c4 a5 30.Bc1 Qc8 31.bxa5 Rxc4 32.a6 bxa6 33.Nb4 Rc3 1/2-1/2

[Event "zonal 1.1"]
[Site "Linares ESP"]
[Date "1995.11.??"]
[Round "9"]
[White "Apicella, Manuel"]
[Black "San Segundo Carrillo, Pablo"]
[Result "1/2-1/2"]
[WhiteElo "2555"]
[BlackElo "2520"]
[EventDate "1995.11.11"]
[PlyCount "134"]

1.e4 c5 2.Nf3 e6 3.d4 cxd4 4.Nxd4 Nf6 5.Nc3 Nc6 6.Nxc6 bxc6 7.e5 Nd5 8.Ne4
Qc7 9.f4 Qb6 10.c4 Bb4+ 11.Ke2 f5 12.Nf2 Ba6 13.Kf3 Ne7 14.Be3 Bc5 15.Bxc5
Qxc5 16.Qd6 Qb6 17.b3 c5 18.Rd1 Rd8 19.Kg3 Nc8 20.Qxb6 axb6 21.Be2 Bb7 22.
Bf3 Bxf3 23.Kxf3 Ke7 24.Nd3 Na7 25.Nb2 Nc6 26.Rd6 g5 27.g3 Rb8 28.Na4 gxf4
29.gxf4 Rhg8 30.h3 h5 31.Kf2 h4 32.Rhd1 Rb7 33.Rg1 Rxg1 34.Kxg1 Kd8 35.Rd2
Nd4 36.Rg2 Kc7 37.Kf2 Rb8 38.Rg7 Kc6 39.Rh7 b5 40.cxb5+ Nxb5 41.Rxh4 Nc7 
42.Nc3 Nd5 43.Nxd5 Kxd5 44.Rh7 Ke4 45.Rxd7 Kxf4 46.Rc7 Rd8 47.Rc6 Rd2+ 48.
Ke1 Rxa2 49.Rxe6 Ke3 50.Kd1 Rd2+ 51.Kc1 Rd5 52.h4 f4 53.h5 f3 54.h6 Ke2 
55.Rf6 Rd7 56.e6 Re7 57.Rf5 f2 58.Re5+ Kd3 59.Rf5 Ke2 60.Re5+ Kd3 61.Rf5 
Ke3 62.Kc2 Rxe6 63.h7 Rh6 64.Re5+ Kf4 65.Re7 Rh2 66.Kc3 Rh3+ 67.Kc2 Kf3 
1/2-1/2

[Event "zonal 1.1"]
[Site "Linares ESP"]
[Date "1995.11.??"]
[Round "9"]
[White "Antunes, Antonio"]
[Black "Renet, Olivier"]
[Result "0-1"]
[WhiteElo "2530"]
[BlackElo "2520"]
[EventDate "1995.11.11"]
[PlyCount "78"]

1.Nf3 c5 2.c4 Nc6 3.g3 e5 4.Nc3 g6 5.Bg2 Bg7 6.a3 Nge7 7.O-O O-O 8.Rb1 a5 
9.Ne1 d6 10.Nc2 Be6 11.Ne3 Rb8 12.d3 h6 13.Bd2 Kh7 14.Ned5 b6 15.b4 axb4 
16.axb4 Bxd5 17.Nxd5 Nxd5 18.Bxd5 Qc7 19.Qa4 Ne7 20.Bg2 h5 21.Rb3 Bh6 22.
e3 Rbd8 23.Rfb1 Nc8 24.Ra3 Qe7 25.Qc6 Rd7 26.Rba1 Rc7 27.Qb5 f5 28.bxc5 
dxc5 29.Qb2 Qd6 30.Bd5 Ne7 31.Bc3 Bg7 32.f4 Nxd5 33.fxe5 Qe6 34.cxd5 Qxd5 
35.Qxb6 Rb7 36.Qd6 Qf3 37.Qxc5 Rfb8 38.Rf1 Rb1 39.Be1 Rxe1 0-1

[Event "zonal 1.1"]
[Site "Linares ESP"]
[Date "1995.11.??"]
[Round "9"]
[White "Nijboer, Friso"]
[Black "Magem Badals, Jordi"]
[Result "1/2-1/2"]
[WhiteElo "2485"]
[BlackElo "2560"]
[EventDate "1995.11.11"]
[PlyCount "91"]

1.e4 c6 2.d4 d5 3.e5 Bf5 4.Nf3 e6 5.Be2 c5 6.Be3 Qb6 7.Nc3 Nc6 8.O-O c4 9.
b3 Qa5 10.Bd2 Bb4 11.Qe1 b5 12.a3 Bxc3 13.Bxc3 Qb6 14.Qd2 Nge7 15.Rab1 O-O
16.bxc4 dxc4 17.Bxc4 bxc4 18.Rxb6 axb6 19.Bb4 Nxb4 20.Qxb4 Nd5 21.Qxc4 
Rxa3 22.h3 Rc3 23.Qb5 Bxc2 24.Rc1 Bd3 25.Qb2 Rxc1+ 26.Qxc1 b5 27.Qc6 b4 
28.Qb7 h6 29.Nd2 Re8 30.Nb3 Re7 31.Qb8+ Kh7 32.Nc5 Bc2 33.g3 b3 34.Nxb3 
Bxb3 35.Qxb3 g6 36.h4 Rc7 37.h5 g5 38.Qd3+ Kg7 39.Qe4 Rc3 40.Kh2 Ra3 41.
Qe2 Kh8 42.Qd2 Kh7 43.Kg2 Rc3 44.Qb2 Kg7 45.Qe2 Kh8 46.Kh2 1/2-1/2

[Event "zonal 1.1"]
[Site "Linares ESP"]
[Date "1995.11.??"]
[Round "9"]
[White "Van der Sterren, Paul"]
[Black "Cacho Reigadas, Sergio"]
[Result "1/2-1/2"]
[WhiteElo "2545"]
[BlackElo "2400"]
[EventDate "1995.11.11"]
[PlyCount "153"]

1.d4 f5 2.g3 Nf6 3.Bg2 g6 4.c4 Bg7 5.Nc3 O-O 6.Nf3 d6 7.O-O Nc6 8.d5 Ne5 
9.Nxe5 dxe5 10.Qb3 Kh8 11.Rd1 h6 12.c5 a6 13.Bd2 Qe8 14.Be1 g5 15.d6 exd6 
16.cxd6 c6 17.Na4 Qf7 18.Nc5 e4 19.f3 Nd5 20.fxe4 fxe4 21.Nxe4 Be6 22.Nc5 
Nf4 23.Nxe6 Nxe6 24.e3 g4 25.Bc3 Ng5 26.Qxf7 Rxf7 27.Bxg7+ Kxg7 28.Rd4 h5 
29.Rad1 Rd8 30.d7 Ne6 31.Re4 Nf8 32.Re5 Rdxd7 33.Rxd7 Rxd7 34.Rxh5 Rd1+ 
35.Bf1 Nh7 36.Re5 Kg6 37.Re4 Nf6 38.Rd4 Rb1 39.Rd2 Ne4 40.Rc2 Re1 41.Kg2 
Rxe3 42.Re2 Rxe2+ 43.Bxe2 Kg5 44.Bd3 Nd6 45.Kf2 Nf5 46.Bf1 c5 47.Ke2 Nd6 
48.Ke3 Kf5 49.Be2 b5 50.b3 Ne8 51.a4 Nd6 52.a5 Kg5 53.Bd3 c4 54.bxc4 bxc4 
55.Be2 Nb7 56.Bxc4 Nxa5 57.Bd5 Kf5 58.Kd3 Kf6 59.Ke4 Kg6 60.Kf4 Kf6 61.
Kxg4 Ke5 62.Ba2 Kf6 63.Bd5 Ke5 64.Ba2 Kf6 65.Kh5 Nc6 66.g4 Ne5 67.h3 Nf7 
68.Kh4 a5 69.Kg3 a4 70.h4 a3 71.Kf4 Nh6 72.g5+ Kg6 73.Bb1+ Kg7 74.Ke5 Nf7+
75.Kf4 Nh6 76.Ke3 Nf5+ 77.Kd3 1/2-1/2

[Event "zonal 1.1"]
[Site "Linares ESP"]
[Date "1995.11.??"]
[Round "9"]
[White "Van der Wiel, John"]
[Black "Fernandes, Antonio"]
[Result "1-0"]
[WhiteElo "2545"]
[BlackElo "2380"]
[EventDate "1995.11.11"]
[PlyCount "66"]

1.e4 d5 2.exd5 Nf6 3.d4 Bg4 4.Bb5+ Nbd7 5.f3 Bf5 6.c4 e6 7.dxe6 Bxe6 8.Nc3
Bb4 9.d5 Bf5 10.Ne2 O-O 11.Bxd7 Nxd7 12.O-O Ne5 13.Ng3 Bd7 14.Kh1 Nxc4 15.
Qd4 b5 16.Nce4 f5 17.Nc5 c6 18.b3 Bxc5 19.Qxc5 Qb6 20.Qb4 Ne5 21.Bb2 Nd3 
22.Qd6 Rf7 23.Bxg7 c5 24.Be5 Re8 25.Qxb6 axb6 26.Bc7 c4 27.Rad1 Rc8 28.
Bxb6 Nb2 29.Rc1 Nd3 30.Rcd1 Rf6 31.Bd4 Rd6 32.Nh5 Kf7 33.Nf4 Nxf4 1-0

[Event "zonal 1.1"]
[Site "Linares ESP"]
[Date "1995.11.??"]
[Round "9"]
[White "Fernandez Garcia, Jose Luis"]
[Black "Sharif, Mehrshad"]
[Result "1/2-1/2"]
[WhiteElo "2445"]
[BlackElo "2465"]
[EventDate "1995.11.11"]
[PlyCount "62"]

1.e4 e6 2.d4 d5 3.exd5 exd5 4.Nf3 Nc6 5.Bb5 Bd6 6.c4 dxc4 7.d5 a6 8.Ba4 b5
9.dxc6 bxa4 10.O-O Ne7 11.Qxa4 O-O 12.Nbd2 Rb8 13.a3 Rb5 14.Nxc4 Nxc6 15.
Bg5 Qd7 16.Rad1 Bb7 17.Nxd6 cxd6 18.Bf4 d5 19.Rd2 d4 20.Nxd4 Nxd4 21.Rxd4 
Qc6 22.f3 Rxb2 23.Qxc6 Bxc6 24.Rc1 Re8 25.h4 Bb7 26.Rcd1 h5 27.Rd8 Rxd8 
28.Rxd8+ Kh7 29.Re8 Rb1+ 30.Kh2 Rb2 31.Kg1 Rb1+ 1/2-1/2

[Event "zonal 1.1"]
[Site "Linares ESP"]
[Date "1995.11.??"]
[Round "9"]
[White "Quadrio, Alexandre"]
[Black "Prie, Eric"]
[Result "1/2-1/2"]
[WhiteElo "2225"]
[BlackElo "2480"]
[EventDate "1995.11.11"]
[PlyCount "27"]

1.c4 e6 2.e4 c5 3.Nf3 Nc6 4.d4 cxd4 5.Nxd4 Nf6 6.Nc3 Bb4 7.Nxc6 dxc6 8.
Qxd8+ Kxd8 9.Bd2 e5 10.O-O-O Ke8 11.f3 Be6 12.Kc2 Bc5 13.Na4 Bd4 14.Bc3 
1/2-1/2

[Event "zonal 1.1"]
[Site "Linares ESP"]
[Date "1995.11.??"]
[Round "9"]
[White "Daly, Colm"]
[Black "Garcia Paolicchi, Raul"]
[Result "1-0"]
[WhiteElo "2280"]
[BlackElo "2295"]
[EventDate "1995.11.11"]
[PlyCount "105"]

1.a3 d5 2.b4 e5 3.Bb2 Nd7 4.e3 Ngf6 5.Nf3 Bd6 6.c4 c6 7.Nc3 e4 8.Nd4 dxc4 
9.Qc2 O-O 10.Nxe4 Nxe4 11.Qxe4 Ne5 12.Qc2 a5 13.b5 cxb5 14.Nxb5 Bb8 15.
Bxc4 Nxc4 16.Qxc4 Qg5 17.Qf1 Bd7 18.Nd4 Ba7 19.f4 Qh5 20.Qf3 Qxf3 21.gxf3 
Rac8 22.Rg1 f6 23.Kf2 b5 24.Rgc1 Kf7 25.Ne2 Bc5 26.Bd4 Bd6 27.Nc3 Be7 28.
Rcb1 Rb8 29.Nd5 Bd6 30.Rc1 Be6 31.Nc3 Rfc8 32.Ne4 Rxc1 33.Nxd6+ Ke7 34.
Rxc1 Kxd6 35.Bc5+ Kd7 36.Rb1 Kc6 37.d4 Bc4 38.e4 Re8 39.f5 Rb8 40.h4 Rb7 
41.Ke3 Rb8 42.h5 h6 43.Rc1 Re8 44.Rg1 Rg8 45.Rc1 Bf7 46.d5+ Kb7 47.Rh1 Ka6
48.Kd4 Kb7 49.f4 Rd8 50.d6 Kc6 51.e5 Bc4 52.Rg1 Rg8 53.e6 1-0

[Event "zonal 1.1"]
[Site "Linares ESP"]
[Date "1995.11.??"]
[Round "9"]
[White "Ribeiro, Fernando"]
[Black "Gentilleau, Jean-Philippe"]
[Result "1-0"]
[WhiteElo "2305"]
[BlackElo "2225"]
[EventDate "1995.11.11"]
[PlyCount "91"]

1.e4 c5 2.Nf3 d6 3.d4 cxd4 4.Qxd4 a6 5.Be3 Nc6 6.Qd2 Nf6 7.Nc3 e6 8.O-O-O 
Qc7 9.Bf4 Ne5 10.Nxe5 dxe5 11.Bxe5 Qa5 12.Bd6 Bxd6 13.Qxd6 Nd7 14.f4 Qc5 
15.e5 Qxd6 16.Rxd6 Ke7 17.Ne4 f5 18.Ng5 Nf8 19.Bc4 h6 20.Nf3 Bd7 21.Rhd1 
Rc8 22.Bb3 g5 23.g3 gxf4 24.gxf4 Rg8 25.Kd2 Bb5 26.Rg1 Rxg1 27.Nxg1 Rd8 
28.Rxd8 Kxd8 29.Ke3 Ke7 30.Nf3 Bc6 31.Nd4 Be4 32.c3 Kd7 33.Kf2 Ke7 34.Kg3 
Bh1 35.a4 Be4 36.Ba2 Bh1 37.b4 Be4 38.a5 Bd3 39.Bb3 Be4 40.Bc4 Bh1 41.Nb3 
Nd7 42.Kh4 b5 43.Be2 Kf7 44.Bh5+ Ke7 45.Kg3 Bd5 46.Nd4 1-0

[Event "zonal 1.1"]
[Site "Linares ESP"]
[Date "1995.11.??"]
[Round "10"]
[White "Renet, Olivier"]
[Black "Van der Wiel, John"]
[Result "1/2-1/2"]
[WhiteElo "2520"]
[BlackElo "2545"]
[EventDate "1995.11.11"]
[PlyCount "38"]

1.e4 c5 2.Nf3 d6 3.d4 cxd4 4.Nxd4 Nf6 5.Nc3 Nc6 6.Bc4 e6 7.Bb3 Be7 8.Be3 
a6 9.f4 O-O 10.O-O Nxd4 11.Bxd4 b5 12.e5 dxe5 13.fxe5 Nd7 14.Ne4 Bb7 15.
Nd6 Bxd6 16.exd6 Qg5 17.Rf2 a5 18.Qe2 Ra6 19.Bc3 Rxd6 1/2-1/2

[Event "zonal 1.1"]
[Site "Linares ESP"]
[Date "1995.11.??"]
[Round "10"]
[White "Sosonko, Gennadi"]
[Black "Garcia Ilundain, David"]
[Result "1-0"]
[WhiteElo "2525"]
[BlackElo "2510"]
[EventDate "1995.11.11"]
[PlyCount "71"]

1.d4 Nf6 2.Nf3 e6 3.g3 b6 4.Bg2 Bb7 5.O-O c5 6.c4 cxd4 7.Qxd4 Be7 8.Nc3 
O-O 9.Rd1 a6 10.Bf4 Nc6 11.Qd2 Rc8 12.b3 Na5 13.Qd3 d5 14.cxd5 Nxd5 15.
Nxd5 Qxd5 16.Qxd5 Bxd5 17.Ne5 Bxg2 18.Kxg2 b5 19.Rd7 Rfe8 20.Rc1 Rxc1 21.
Bxc1 f6 22.Nd3 Nc6 23.Rc7 Nd4 24.Be3 Nf5 25.Bc5 e5 26.e4 Nd6 27.Rd7 Nc8 
28.Bxe7 Nxe7 29.Ra7 Nc6 30.Rxa6 Nd4 31.Nc5 Rd8 32.Ra7 Rc8 33.Nd3 Rc2 34.a4
bxa4 35.bxa4 g5 36.Nb4 1-0

[Event "zonal 1.1"]
[Site "Linares ESP"]
[Date "1995.11.??"]
[Round "10"]
[White "Galego, Luis"]
[Black "Hodgson, Julian Michael"]
[Result "1/2-1/2"]
[WhiteElo "2430"]
[BlackElo "2590"]
[EventDate "1995.11.11"]
[PlyCount "136"]

1.e4 d5 2.exd5 Qxd5 3.Nc3 Qa5 4.Bc4 Nf6 5.d3 c6 6.h3 Nbd7 7.Nf3 e6 8.O-O 
Be7 9.Qe2 b5 10.Bb3 Nc5 11.Bg5 h6 12.Bh4 b4 13.Ne4 Ncxe4 14.dxe4 Ba6 15.
Bc4 Bxc4 16.Qxc4 Qb5 17.Qxb5 cxb5 18.e5 Nd5 19.Bxe7 Kxe7 20.a3 Rhc8 21.Nd4
a5 22.axb4 Nxb4 23.c3 Nd3 24.f4 Nxb2 25.Rfb1 Nc4 26.Rxb5 a4 27.Rb7+ Kf8 
28.Nc2 Na5 29.Rb4 Nb3 30.Raxa4 Rxa4 31.Rxa4 g5 32.fxg5 hxg5 33.Nd4 Nd2 34.
Ra2 Ne4 35.Re2 Nxc3 36.Rc2 Rc5 37.Nf3 g4 38.hxg4 Kg7 39.Rb2 Nd5 40.Kh2 Rc4
41.Kh3 Ne3 42.g5 Nf5 43.Rd2 Re4 44.Rd7 Ra4 45.Rd3 Re4 46.Rd7 Re2 47.Rd2 
Re3 48.Rd1 Kg6 49.Rd7 Ra3 50.Rd2 Ne7 51.Kg4 Nd5 52.Nh4+ Kg7 53.Nf3 Ne3+ 
54.Kh3 Nd5 55.Kg4 Re3 56.Ra2 Re4+ 57.Kg3 Kg6 58.Rf2 Ne7 59.Rc2 Nf5+ 60.Kh3
Nd4 61.Rc5 Ne2 62.Ra5 Nc3 63.Ra7 Nd5 64.g3 Re3 65.Nh4+ Kxg5 66.Rxf7 Kh6 
67.Ng2 Rxe5 68.Nf4 Nxf4+ 1/2-1/2

[Event "zonal 1.1"]
[Site "Linares ESP"]
[Date "1995.11.??"]
[Round "10"]
[White "Gomez Esteban, Juan Mario"]
[Black "David, Alberto"]
[Result "0-1"]
[WhiteElo "2425"]
[BlackElo "2465"]
[EventDate "1995.11.11"]
[PlyCount "60"]

1.d4 Nf6 2.Nf3 g6 3.c4 Bg7 4.Nc3 O-O 5.e4 d6 6.h3 Qe8 7.Be2 e5 8.d5 Nh5 9.
Ng1 f5 10.exf5 Nf4 11.Bxf4 exf4 12.fxg6 Qxg6 13.Bg4 Na6 14.Nf3 Bxg4 15.
hxg4 Rae8+ 16.Kf1 Qxg4 17.Rh4 Qf5 18.Ne2 Nc5 19.Rxf4 Qg6 20.Rxf8+ Rxf8 21.
Ned4 Rf4 22.Qd2 Rg4 23.Re1 Ne4 24.Qe3 Bxd4 25.Nxd4 Rxg2 26.Ke2 Rxf2+ 27.
Kd1 Nc3+ 28.Qxc3 Qb1+ 29.Qc1 Qd3+ 30.Qd2 Qxd2# 0-1

[Event "zonal 1.1"]
[Site "Linares ESP"]
[Date "1995.11.??"]
[Round "10"]
[White "Sharif, Mehrshad"]
[Black "Berend, Fred"]
[Result "1-0"]
[WhiteElo "2465"]
[BlackElo "2415"]
[EventDate "1995.11.11"]
[PlyCount "79"]

1.d4 Nf6 2.Nf3 g6 3.Bg5 Bg7 4.Nbd2 d5 5.e3 O-O 6.Be2 Nbd7 7.O-O b6 8.c3 
Bb7 9.a4 c5 10.a5 Qe8 11.Qa4 Nb8 12.Ne5 Ba6 13.Bxa6 Nxa6 14.axb6 axb6 15.
Qxe8 Rfxe8 16.Bxf6 exf6 17.Nd7 cxd4 18.Nxb6 Rab8 19.Rxa6 dxe3 20.fxe3 Re6 
21.Nd7 Rxa6 22.Nxb8 Rb6 23.Nd7 Rxb2 24.Rf2 f5 25.Nf1 Rb7 26.Nc5 Rc7 27.Na4
Rc4 28.Ra2 Bh6 29.g3 Bg7 30.Kf2 Bxc3 31.Nxc3 Rxc3 32.Ke2 Kg7 33.Ra5 h5 34.
h4 d4 35.exd4 f4 36.gxf4 Rh3 37.Nd2 Rxh4 38.Ke3 Rh2 39.Nf3 Rh1 40.Ra7 1-0

[Event "zonal 1.1"]
[Site "Linares ESP"]
[Date "1995.11.??"]
[Round "10"]
[White "Fernandez Garcia, Jose Luis"]
[Black "Daly, Colm"]
[Result "1-0"]
[WhiteElo "2445"]
[BlackElo "2280"]
[EventDate "1995.11.11"]
[PlyCount "81"]

1.e4 c5 2.Nf3 d6 3.d4 Nf6 4.Nc3 cxd4 5.Nxd4 Nc6 6.g3 Nxd4 7.Qxd4 g6 8.Bg2 
Bg7 9.Qb4 O-O 10.a4 a5 11.Qb3 Be6 12.Nd5 Bxd5 13.exd5 Qc7 14.O-O Rfc8 15.
c3 Rab8 16.Re1 Kf8 17.Be3 b6 18.Bd4 Re8 19.Bf1 Ng4 20.Bb5 Rec8 21.Rad1 
Bxd4 22.Rxd4 Nf6 23.Qd1 Qd8 24.Qd2 Kg7 25.g4 Rc7 26.g5 Ne8 27.Qe3 Kg8 28.
Re4 Kf8 29.Qh3 h5 30.Qf3 Ng7 31.Rf4 e5 32.dxe6 Qxg5+ 33.Kh1 Nf5 34.Bd3 
fxe6 35.Rxe6 Rf7 36.Re1 Rd8 37.Rg1 Qf6 38.Bxf5 g5 39.Qg3 g4 40.Re1 Qg5 41.
h4 1-0

[Event "zonal 1.1"]
[Site "Linares ESP"]
[Date "1995.11.??"]
[Round "10"]
[White "Fernandes, Antonio"]
[Black "Kelly, Brian"]
[Result "0-1"]
[WhiteElo "2380"]
[BlackElo "2300"]
[EventDate "1995.11.11"]
[PlyCount "74"]

1.Nf3 Nf6 2.g3 d5 3.Bg2 c6 4.O-O Bg4 5.h3 Bh5 6.d3 Nbd7 7.Nbd2 e5 8.e4 Bd6
9.Qe2 O-O 10.c3 Re8 11.Re1 Nc5 12.b3 a5 13.Bb2 Qb6 14.Qe3 Qc7 15.Nxe5 Rxe5
16.f4 Ree8 17.e5 Bg6 18.Ba3 Bxe5 19.Qxc5 b6 20.Qf2 Bxc3 21.Rxe8+ Rxe8 22.
Rc1 Bxd2 23.Qxd2 h5 24.Bb2 Qd6 25.a3 c5 26.b4 axb4 27.axb4 d4 28.bxc5 bxc5
29.Qc2 Nd7 30.Ba3 Qa6 31.Qb3 Rb8 32.Qa2 Qxd3 33.Qd5 Qxa3 34.Re1 Qxg3 35.
Ra1 Nf6 36.Qxc5 Re8 37.Qd6 Be4 0-1

[Event "zonal 1.1"]
[Site "Linares ESP"]
[Date "1995.11.??"]
[Round "11"]
[White "Piket, Jeroen"]
[Black "Galego, Luis"]
[Result "0-1"]
[WhiteElo "2625"]
[BlackElo "2430"]
[EventDate "1995.11.11"]
[PlyCount "98"]

1.d4 Nf6 2.c4 c5 3.d5 e6 4.Nc3 exd5 5.cxd5 d6 6.e4 g6 7.f3 Bg7 8.Bg5 h6 9.
Be3 O-O 10.Qd2 Kh7 11.a4 Na6 12.Nge2 Nb4 13.Nf4 Nd7 14.Be2 Ne5 15.O-O Qe7 
16.Rad1 Bd7 17.Kh1 a6 18.Bg1 Rab8 19.a5 b5 20.axb6 Rxb6 21.Rfe1 Rfb8 22.
Ra1 Qf6 23.Rec1 R6b7 24.Ra3 h5 25.Be3 Bh6 26.Nd1 Rg8 27.Nd3 Bxe3 28.Qxe3 
Nbxd3 29.Bxd3 Bb5 30.Bxb5 axb5 31.Ra6 c4 32.Nf2 g5 33.Rca1 b4 34.Ra7 Rxa7 
35.Rxa7 Rc8 36.h4 Qf4 37.Qb6 Qxh4+ 38.Kg1 c3 39.bxc3 bxc3 40.Rc7 Rxc7 41.
Qxc7 Qg3 42.Qxc3 g4 43.Kf1 gxf3 44.gxf3 h4 45.Qc7 h3 46.Qxd6 Qg2+ 47.Ke1 
Nxf3+ 48.Ke2 Nd4+ 49.Ke3 Qf3+ 0-1

[Event "zonal 1.1"]
[Site "Linares ESP"]
[Date "1995.11.??"]
[Round "11"]
[White "San Segundo Carrillo, Pablo"]
[Black "Sosonko, Gennadi"]
[Result "1/2-1/2"]
[WhiteElo "2520"]
[BlackElo "2525"]
[EventDate "1995.11.11"]
[PlyCount "191"]

1.d4 Nf6 2.c4 e6 3.Nf3 d5 4.Nc3 Bb4 5.cxd5 exd5 6.Bg5 Nbd7 7.Qc2 c5 8.a3 
Qa5 9.Bd2 c4 10.e4 dxe4 11.Ne5 Bxc3 12.Bxc3 Qc7 13.Bxc4 Nxe5 14.dxe5 Qxc4 
15.exf6 gxf6 16.O-O-O Bf5 17.g4 Bxg4 18.Rd4 Qc6 19.Rxe4+ Be6 20.Rg1 O-O-O 
21.Re3 Rhg8 22.Rxg8 Rxg8 23.Bd4 Rg1+ 24.Kd2 Qxc2+ 25.Kxc2 Rh1 26.Bxa7 Rxh2
27.Rf3 f5 28.Bb6 Kd7 29.b4 Kc6 30.Bd8 b5 31.Kd2 h5 32.Rf4 Rh1 33.Rh4 Rf1 
34.Ke3 f4+ 35.Rxf4 Ra1 36.Rf3 Rxa3+ 37.Kf4 Ra2 38.Ke5 Rd2 39.Be7 Rd5+ 40.
Kf4 Rd4+ 41.Kg3 h4+ 42.Kh2 h3 43.Bc5 Rc4 44.Bf8 Rc1 45.Rd3 Rc4 46.Rd6+ Kb7
47.Rd3 Rg4 48.Rg3 Rf4 49.Kg1 Kc6 50.Rd3 Rg4+ 51.Rg3 Rh4 52.Kh2 Kd5 53.Rg5+
f5 54.f4 Rh8 55.Bc5 Ke4 56.Rg3 Kxf4 57.Rxh3 Rg8 58.Rg3 Rh8+ 59.Rh3 Rd8 60.
Kg1 Rd1+ 61.Kf2 Rd2+ 62.Ke1 Ra2 63.Bd6+ Kg5 64.Rg3+ Kf6 65.Re3 Bd5 66.Be7+
Kg6 67.Re2 Ra1+ 68.Kf2 Be4 69.Re1 Ra8 70.Ke3 Kf7 71.Bc5 Ke6 72.Kf4 Rg8 73.
Rg1 Rh8 74.Rg6+ Kd5 75.Rd6+ Kc4 76.Rd1 Rh4+ 77.Ke3 Bd5 78.Rf1 Rh3+ 79.Kf4 
Be4 80.Re1 Rf3+ 81.Ke5 Bd3 82.Rc1+ Kb3 83.Re1 Kc2 84.Rh1 Rg3 85.Rh2+ Kc3 
86.Kf4 Rg4+ 87.Ke3 Re4+ 88.Kf3 Bc4 89.Rh8 Be2+ 90.Kf2 Bd3 91.Kf3 Kd2 92.
Bd6 Re6 93.Rd8 Re3+ 94.Kf4 Ke2 95.Rf8 Re4+ 96.Kg5 1/2-1/2

[Event "zonal 1.1"]
[Site "Linares ESP"]
[Date "1995.11.??"]
[Round "11"]
[White "Santo-Roman, Marc"]
[Black "Gomez Esteban, Juan Mario"]
[Result "0-1"]
[WhiteElo "2485"]
[BlackElo "2425"]
[EventDate "1995.11.11"]
[PlyCount "76"]

1.e4 e5 2.Nf3 Nc6 3.d4 exd4 4.Nxd4 Bc5 5.Be3 Qf6 6.c3 Nge7 7.g3 d5 8.Bg2 
dxe4 9.Nd2 Bxd4 10.cxd4 O-O 11.Nxe4 Qg6 12.O-O Bg4 13.Qb3 Nf5 14.h3 Nxe3 
15.Qxe3 Bf5 16.Nc5 b6 17.Nb3 Rae8 18.Qc3 Be4 19.Bxe4 Rxe4 20.Rac1 Ne7 21.
Qxc7 h5 22.Rfe1 Nd5 23.Qd7 Nf6 24.Qd6 Rfe8 25.Rxe4 Qxe4 26.Qc6 Qf5 27.Kg2 
h4 28.Qf3 Qg5 29.g4 Nd5 30.a3 g6 31.Kf1 Kg7 32.Re1 Rxe1+ 33.Kxe1 Nf4 34.
Kd1 Qb5 35.Kc2 g5 36.Qe3 Qc4+ 37.Kb1 f6 38.Nd2 Qd5 0-1

[Event "zonal 1.1"]
[Site "Linares ESP"]
[Date "1995.11.??"]
[Round "11"]
[White "Kelly, Brian"]
[Black "Sadler, Matthew"]
[Result "1/2-1/2"]
[WhiteElo "2300"]
[BlackElo "2565"]
[EventDate "1995.11.11"]
[PlyCount "32"]

1.d4 d5 2.c4 dxc4 3.Nf3 Nf6 4.e3 Bg4 5.Bxc4 e6 6.h3 Bh5 7.Nc3 Nbd7 8.Be2 
a6 9.O-O b5 10.a3 c5 11.e4 cxd4 12.Nxd4 Bg6 13.Bg5 Bc5 14.Nb3 Bb6 15.Qd6 
Bc7 16.Qb4 Qe7 1/2-1/2

[Event "zonal 1.1"]
[Site "Linares ESP"]
[Date "1995.11.??"]
[Round "11"]
[White "Ribeiro, Fernando"]
[Black "Garcia Ilundain, David"]
[Result "1/2-1/2"]
[WhiteElo "2305"]
[BlackElo "2510"]
[EventDate "1995.11.11"]
[PlyCount "20"]

1.e4 c5 2.Nf3 d6 3.d4 Nf6 4.Nc3 cxd4 5.Qxd4 a6 6.Be3 Nc6 7.Bd2 Bg4 8.Be2 
Bxf3 9.Bxf3 g6 10.O-O-O Bg7 1/2-1/2

[Event "zonal 1.1"]
[Site "Linares ESP"]
[Date "1995.11.??"]
[Round "11"]
[White "Garcia Paolicchi, Raul"]
[Black "Fernandes, Antonio"]
[Result "0-1"]
[WhiteElo "2295"]
[BlackElo "2380"]
[EventDate "1995.11.11"]
[PlyCount "92"]

1.d4 Nf6 2.Nf3 c5 3.d5 b5 4.Bg5 Ne4 5.Qd3 Nxg5 6.Nxg5 e6 7.Nf3 c4 8.Qd1 
Qb6 9.e3 Bb7 10.dxe6 fxe6 11.Be2 Be7 12.O-O O-O 13.a4 a6 14.axb5 axb5 15.
Rxa8 Bxa8 16.b3 d5 17.c3 Bf6 18.b4 Nd7 19.Qc1 e5 20.Nbd2 Bb7 21.Qb2 Qc6 
22.Qc2 Bd8 23.Rd1 Bb6 24.Nf1 Qf6 25.e4 d4 26.Ng3 g6 27.Qa2 Kg7 28.Bxc4 
bxc4 29.Qxc4 Rf7 30.Qb5 Bc6 31.Qd3 Nf8 32.c4 Ne6 33.c5 Nf4 34.Qb3 Bd8 35.
b5 Bd7 36.Ra1 Bg4 37.Ra6 Qe7 38.Qa3 Bxf3 39.gxf3 Qh4 40.Qa1 d3 41.Ra2 Qh3 
42.Qf1 Qc8 43.Qc1 Bb6 44.c6 h5 45.Qd1 h4 46.Nf1 Qe6 0-1

[Event "zonal 1.1"]
[Site "Linares ESP"]
[Date "1995.11.??"]
[Round "11"]
[White "Berend, Fred"]
[Black "Quadrio, Alexandre"]
[Result "1/2-1/2"]
[WhiteElo "2415"]
[BlackElo "2225"]
[EventDate "1995.11.11"]
[PlyCount "119"]

1.c4 e5 2.Nc3 Nf6 3.g3 d5 4.cxd5 Nxd5 5.Bg2 Nb6 6.Nf3 Nc6 7.O-O Be7 8.a3 
g5 9.b4 g4 10.Ne1 h5 11.Nd3 h4 12.b5 Na5 13.Nxe5 hxg3 14.d4 gxh2+ 15.Kh1 
Bd6 16.Bf4 Qe7 17.Ne4 Nac4 18.Bg5 Qe6 19.Nxg4 Be7 20.Ngf6+ Kd8 21.Rc1 Nd6 
22.Qc2 Ne8 23.Nxe8 Kxe8 24.Qxc7 Nd5 25.Nd6+ Qxd6 26.Qxd6 Bxd6 27.Bxd5 Bh3 
28.Bxb7 Rb8 29.Bc6+ Kf8 30.Rfd1 Rh5 31.f4 Kg7 32.Bf3 Rxg5 33.fxg5 Rxb5 34.
Rc3 Rxg5 35.e4 Bf4 36.e5 Rg3 37.Rb3 Bg4 38.Rf1 Bh3 39.Rd1 Bg4 40.Rf1 Bh3 
41.Rfb1 Bf5 42.Bg2 Bxb1 43.Rxb1 Rd3 44.Rf1 Rxd4 45.Bd5 Bxe5 46.Bxf7 Ra4 
47.Rf5 Re4 48.Rf1 Bf4 49.Bd5 Rd4 50.Bc6 Kf6 51.Bb5 Kg5 52.a4 a5 53.Bc6 Kf5
54.Kg2 Rd2+ 55.Kh1 Kg4 56.Bf3+ Kg3 57.Be2 Ra2 58.Rf3+ Kg4 59.Bd1 Ra1 60.
Rf1+ 1/2-1/2

[Event "zonal 1.1"]
[Site "Linares ESP"]
[Date "1995.11.??"]
[Round "11"]
[White "Gentilleau, Jean-Philippe"]
[Black "Daly, Colm"]
[Result "0-1"]
[WhiteElo "2225"]
[BlackElo "2280"]
[EventDate "1995.11.11"]
[PlyCount "50"]

1.d4 Nf6 2.Nf3 e6 3.Nc3 d5 4.Bg5 Be7 5.e3 Nbd7 6.Be2 O-O 7.h4 c5 8.a3 b6 
9.Qd2 Bb7 10.O-O-O a6 11.Ne5 b5 12.f3 c4 13.Nxd7 Qxd7 14.Bxf6 Bxf6 15.e4 
a5 16.e5 Be7 17.Nb1 b4 18.c3 Rfb8 19.Qe3 Bc6 20.Kd2 Ba4 21.Rc1 bxa3 22.
bxa3 Rb2+ 23.Ke1 Rab8 24.Kf2 Ra2 25.Kg3 Rbb2 0-1